Собрание сочинений

Podrobná bibliografie
Hlavní autor: Абрамов А. А. Александр Алексеевич
Jazyk:ruština
Vydáno: Москва, Изд-во МГГУ, 2010-
Médium: MixedMaterials Kniha
KOHA link:https://koha.lib.tpu.ru/cgi-bin/koha/opac-detail.pl?biblionumber=184431

MARC

LEADER 00000nam1a2200000 4500
001 184431
005 20231031172312.0
035 |a (RuTPU)RU\TPU\book\200013 
090 |a 184431 
100 |a 20100908d2010 m y0rusy50 ca 
101 0 |a rus 
102 |a RU 
200 1 |a Собрание сочинений  |f А. А. Абрамов 
210 |a Москва  |c Изд-во МГГУ  |c Горная книга  |d 2010-  
700 1 |a Абрамов  |b А. А.  |g Александр Алексеевич 
801 2 |a RU  |b 63413507  |c 20130516  |g RCR 
942 |c BK